00607nam a2200205Ia 450000500170000000800410001702000150005808200130007324500690008626000280015530000160018365000140019965000230021365000120023665000130024870000240026194200060028595200950029199900150038620241010035417.0240331s9999 xx 000 0 und d a0415067413 bNEWa820 0aNew feminist discourses :bcritical essays on theories and Texts aLondonbRoutledgec1992 ax, 371 p ., aFeminist  aEnglish Literature aHistory aSex Role aArmstrong, I. eedt cL 001040708LaWERCLbWERCLcSSCd2024-03-31l0o 820 NEWp3942r2024-03-31w2024-03-31yL c3167d3167